| 000 | 01102cam a22002651i 4500 | ||
|---|---|---|---|
| 003 | SA-RiAUC | ||
| 005 | 20241213142956.0 | ||
| 008 | 241212s2010 ||| g 000 0 ara c | ||
| 040 |
_aEG-CaDAJ _bara _cSA-RiAUC _erda |
||
| 082 | 0 | 4 | _a252.23 |
| 090 |
_a252.23 _bم ع ل |
||
| 100 | 1 |
_aالمعلمي، عبد الرحمن بن يحيى بن علي، _d1313-1386 هجري _eمؤلف. |
|
| 245 | 1 | 0 |
_aبحث حول سنة الجمعة القبلية / _cعبد الرحمن المعلمي ؛ تحقيق ماجد بن عبد العزيز الزيادي. |
| 250 | _aالطبعة الأولى. | ||
| 264 | 1 |
_a[مكان النشر غير محدد] : _bدار النوادر، _c2010 |
|
| 300 | _a112 صفحة. | ||
| 336 |
_aنص _btxt _2rdacontent _3كتاب |
||
| 337 |
_aبدون وسيط _bn _2rdamedia |
||
| 338 |
_aمجلد _bnc _2rdacarrier |
||
| 490 | 0 | _aسلسلة الرسائل | |
| 650 | 7 |
_aصلاة الجمعة (فقه إسلامي) _2aucsh |
|
| 700 | 1 |
_aالزيادي، ماجد بن عبد العزيز _eمحقق. |
|
| 942 |
_2ddc _cBOOK _n0 |
||
| 949 |
_aSA-JeALM _d241212 _umohamedma123 _n1 |
||
| 999 |
_c3428 _d3428 |
||